| 000 | 00846nam a2200241Ia 4500 | ||
|---|---|---|---|
| 003 | GCL | ||
| 008 | 140319s9999 xx 000 0 ara d | ||
| 020 | _a3217617977 | ||
| 040 |
_aGCL / _cGCL |
||
| 082 | 0 | 4 |
_a173 _bد ب |
| 100 | 1 | _aدينا البرنس عادل | |
| 245 | 1 | 0 |
_aالبناء النفسى والزواج العرفى / _cدينا البرنس عادل |
| 700 | 1 | _aعبدالله السيد عسكر | |
| 260 |
_aالقاهرة : _bدينا البرنس عادل ، _c2005 |
||
| 300 |
_a417 ص ؛ _c24 سم |
||
| 650 | 0 | 4 | _aالاضطرابات الشخصية |
| 650 | 0 | 4 | _aالحقوق الزوجية |
| 650 | 0 | 4 | _aالعلاقات الاجتماعية |
| 650 | 0 | 4 | _aالزواج العرفى |
| 650 | 0 | 4 | _aالزواج - المحرمات |
| 650 | 0 | 4 | _aالزواج العرفى - اخلاقيات |
| 942 |
_2ddc _cBK |
||
| 999 |
_c53313 _d53313 |
||